Diaľnice majú zúročiť strategickú polohu Slovenska Národné dopravné koridory splynú do transeurópskej siete

Biela kniha - 26 dopravných projektov európskeho významu a kritériá ich realizácie. Rok 2010 - termín splynutia národných dopravných koridorov do jednej transeurópskej siete. Koncepcia výstavby diaľnic v SR - prioritu má smer sever-juh. Náklady na výstavbu diaľnic. Od r. 1996 - financovanie cez štát...

Descripción completa

Guardado en:
Detalles Bibliográficos
Autor principal: Prosnan, Jozef
Formato: Capítulo de libro
Lenguaje:eslovaco
Materias:
Etiquetas: Agregar Etiqueta
Sin Etiquetas, Sea el primero en etiquetar este registro!

MARC

LEADER 00000naa a2200000 4500
001 r019297
005 20221205102914.5
041 0 |a slo 
044 |a SK 
245 1 0 |a Diaľnice majú zúročiť strategickú polohu Slovenska  |b Národné dopravné koridory splynú do transeurópskej siete  |c J. Prosnan 
520 |a Biela kniha - 26 dopravných projektov európskeho významu a kritériá ich realizácie. Rok 2010 - termín splynutia národných dopravných koridorov do jednej transeurópskej siete. Koncepcia výstavby diaľnic v SR - prioritu má smer sever-juh. Náklady na výstavbu diaľnic. Od r. 1996 - financovanie cez štátny fond cestného hospodárstva. Príprava novej legislatívy. Niektoré sporné úseky trasy výstavby diaľnic. Požiadavka ochrany životného prostredia. 
610 2 0 |a doprava 
610 2 0 |a doprava cestná 
610 2 0 |a diaľnice 
610 2 0 |a financovanie 
610 2 0 |a legislatíva 
610 2 0 |a Slovensko 
610 2 0 |a Európa 
610 2 0 |a siete dopravné 
610 2 0 |a Biela kniha 
610 2 0 |a 1996-2010 
100 1 |a Prosnan, Jozef